An economist in the real world : (Record no. 5045)

MARC details
000 -LEADER
fixed length control field 01066nam a2200265 i 4500
005 - DATE AND TIME OF LATEST TRANSACTION
control field 20260112063326.0
010 ## - LIBRARY OF CONGRESS CONTROL NUMBER
LC control number 2015-011428
020 ## - INTERNATIONAL STANDARD BOOK NUMBER
International Standard Book Number 9780670088751
039 ## - LEVEL OF BIBLIOGRAPHIC CONTROL AND CODING DETAIL [OBSOLETE]
Level of rules in bibliographic description 202504231508
Level of effort used to assign nonsubject heading access points staff
Level of effort used to assign subject headings 202111101653
Level of effort used to assign classification staff
Level of effort used to assign subject headings 201612021157
Level of effort used to assign classification staff
Level of effort used to assign subject headings 201607081503
Level of effort used to assign classification staff
-- 201607081457
-- staff
082 ## - DEWEY DECIMAL CLASSIFICATION NUMBER
Classification number 330.954
Item number BAS [ Shelf 3 ]
100 ## - MAIN ENTRY--PERSONAL NAME
Personal name Basu, Kaushik.
245 #3 - TITLE STATEMENT
Title An economist in the real world :
Remainder of title the art of policymaking in India /
Statement of responsibility, etc. Kaushik Basu.
264 ## - PRODUCTION, PUBLICATION, DISTRIBUTION, MANUFACTURE, AND COPYRIGHT NOTICE
Place of production, publication, distribution, manufacture Cambridge, Massachusetts ;
-- London, England :
Name of producer, publisher, distributor, manufacturer MIT Press,
Date of production, publication, distribution, manufacture, or copyright notice [2015]
300 ## - PHYSICAL DESCRIPTION
Extent xv, 240 pages ;
Dimensions 24 cm
504 ## - BIBLIOGRAPHY, ETC. NOTE
Bibliography, etc. note Includes bibliographical references (pages 209-228) and index.
600 ## - SUBJECT ADDED ENTRY--PERSONAL NAME
Personal name Basu, Kaushik.
650 ## - SUBJECT ADDED ENTRY--TOPICAL TERM
Topical term or geographic name entry element Economists
Geographic subdivision India.
650 ## - SUBJECT ADDED ENTRY--TOPICAL TERM
Topical term or geographic name entry element Economic development
Geographic subdivision India.
651 ## - SUBJECT ADDED ENTRY--GEOGRAPHIC NAME
Geographic name India
General subdivision Economic policy
Chronological subdivision 1991-
651 ## - SUBJECT ADDED ENTRY--GEOGRAPHIC NAME
Geographic name India
General subdivision Officials and employees.
651 ## - SUBJECT ADDED ENTRY--GEOGRAPHIC NAME
Geographic name India
General subdivision Politics and government
Chronological subdivision 1977-
991 ## -
-- VIRTUA40
991 ## -
-- VTLSSORT0080*0100*0200*0820*1000*2450*2640*3000*5040*6000*6500*6501*6510*6511*6512*9992
909 ## -
-- 5589
Holdings
Withdrawn status Lost status Damaged status Not for loan Home library Current library Date acquired Total checkouts Full call number Barcode Copy number Koha item type
        Indian Institute Of Management, Shillong Indian Institute Of Management, Shillong 08/07/2016   330.954 BAS [ Shelf 3 ] 0012093   Reference
        Indian Institute Of Management, Shillong Indian Institute Of Management, Shillong 08/07/2016   330.954 BAS [ Shelf 3 ] 0012094 1 Book
Copyright © 2026 Indian Institute of Management Shillong. All Rights Reserved.